01273 2200349 4500001002100000005001500021035002000036007000300056008004100059020002200100040002200122082001900144084002100163090002200184100002700206245020700233300004800440650003400488700002500522700002900547700003600576700004100612850001200653504003300665264008700698336002100785337003000806338002300836999002200859990002200881990002000903INLIS00000000088116520230823031939 a0010-0823000655ta230823s2021 yoia g ind d a978-623-7332-87-9 aYOPDYOGbinderda04223a330.959827 a330.959827 ARI p aCB-D.11 2021-43410 aArif Akhyatepengarang10aPerkembangan dan perubahan ekonomi Yogyakarta (dari masa klasik sampai pasca orde baru) /cArif Akhyat, Bramastia, Anik Yuniarti, Tanaya Yuka Prihatma, Fathimah Dayaning Pertiwi; penyunting, Arif Akhyat axvii, 244 halaman :btabel, gambar ;c21 cm 4aKeadaan ekonomi--zYogyakarta0 aBramastiaepengarang0 aAnik Yuniartiepengarang0 aTanaya Yuka Prihatmaepengarang0 aFathimah Dayaning Pertiwiepengarang aYOPDYOG aBibliografi: halaman 226-24231aYogyakarta :bDinas Kebudayaan (Kundha Kabudayan) Daerah IstimewaYogyakarta,c2021 2rdacontentateks 2rdamediaatanpa perantara 2rdacarrieravolume aCB-D.11/2021-4341 aCB-D.11/2021-4341 a71179-PD/A.2023